00494 a2200121 4500245007700000650001500077005001700092260003600109084002100145300010800166500004100274490005700315 aDe profectione Ludovici VII in orientemb : Journey of Louis VIIhprint aliterature20191021095747.0 anyubColumbia Univ. Pressc1948 aD162.1 .O3 1948a axliv, 154 p. maps, facsim. 23 cm.bxliv, 154 p. maps, facsim. 23 cm.cxliv, 154 p. maps, facsim. 23 cm. aby Virginia Gingerick Berry [editor] aRecords of civilization: sources and studies, no. 42